000 01141cam a2200325 a 4500
001 26864
003 BD-RjUL
005 20211209051058.0
008 140323s1983 ii abfj b 000 0beng
020 _z5614240 :
035 _a(BD-RjUL)26935
040 _aDLC
_cDLC
_dDLC
_dBD-RjUL
_beng
041 _aeng
082 0 0 _a954.0049595
_219
_bSIB 1983
100 1 _aSingh, K. S.,
_d1935-2006.
_982552
245 1 0 _aBirsa Munda and his movement, 1874-1901 :
_ba study of a millenarian movement in Chotanagpur /
_cK.S. Singh.
260 _aCalcutta :
_bOxford,
_c1983.
300 _axviii, 289 p., [6] p. of plates :
_bill., geneal. table, map ;
_c23 cm.
500 _aMap on lining papers.
504 _aBibliography: p. [245]-257.
600 0 0 _aBirsa Munda,
_d1874-1901.
_982553
650 0 _aMunda (Indic people)
_xPolitics and government.
_982554
650 0 _aMunda (Indic people)
_xReligion.
_982555
650 0 _aMillennialism
_zIndia.
_982556
650 0 _aRevolutionaries
_zIndia
_xBiography.
_982557
650 0 _aMunda (Indic people)
_xBiography.
_982558
942 _2ddc
_cBK
999 _c26864
_d26864